| 000 | 00451nam a22001817a 4500 | ||
|---|---|---|---|
| 003 | MPLRDC | ||
| 005 | 20220104144252.0 | ||
| 008 | 210129b ||||| |||| 00| 0 eng d | ||
| 020 | _a7-80127-419-9 | ||
| 082 | _a617 SR v.4 | ||
| 100 | _a王芳、石仁主编 | ||
| 245 |
_a百年老照片. 第四册 _c |
||
| 250 | _a初版 | ||
| 260 |
_a _b经济日报出版社 _c1997 |
||
| 300 | _b平 | ||
| 650 | _a中国史地杂论 | ||
| 942 |
_cBK _o617 SR v.4 |
||
| 999 |
_c47971 _d47961 |
||